Фамилия Бъклови (Запис номер 504626)
[ съкратено ]
| 000 -Лидер | |
|---|---|
| Лидер | 00857aaa a2200277 a 4500 |
| 003 - Код на организацията, давaща контролен номер | |
| Код на организацията, даваща контролен номер | BLK |
| 005 - Дата и час на последна редакция | |
| Дата и час на последна редакция | 20240223133231.0 |
| 007 - Фиксирано поле за физическо описани | |
| Физическо описание | ta |
| 008 - Елементи от данни с фиксирана дължина | |
| Елементи с фиксирана дължина | 221104b bu |||||r|||| 00| | bu d |
| 040 ## - Източник на каталожния запис | |
| Код на библиотеката | BLK |
| 041 ## - Код за език | |
| Език | Български |
| Език за КДБФ | Български |
| 080 ## - УДК | |
| УДК текст | Биографии - България |
| УДК код | 929(497.2) |
| УДК – код + определител | 929(497.2) |
| 100 1# - Редна дума - Автор | |
| Автор | Георгиева, Нели |
| Години, свързани с автора | 1957- |
| Биография на автора | Историк. Краевед. Русе |
| R(LIN) | 53203 |
| 245 ## - Сведения за заглавието | |
| Заглавие | Фамилия Бъклови |
| Авторска отговорност | Нели Георгиева |
| 300 ## - Физическа характеристика | |
| Брой страници | № 132, 8 юли 1993. |
| 653 ## - Ключова дума – ненормативна | |
| 9 (RLIN) | 198885 |
| Ключови думи | търговци |
| 653 ## - Ключова дума – ненормативна | |
| 9 (RLIN) | 195878 |
| Ключови думи | русенци |
| 773 0# - Описание на основна библиографска единица при аналитични записи (многотомни) | |
| Заглавие на източника | УТРО |
| Контролен номер на записа | 292727 |
| Информация за връзката | . // |
| 856 ## - Електронен адрес и достъп | |
| Инструкция (цена за достъп) | 0.00 |
| Права за достъп | disable |
| 942 ## - АРТИКУЛИ | |
| Източник на класификационната схема | Universal Decimal Classification |
| Вид на библиотечния документ | Статия |
| Скрит в OPAC | Не |
| 944 ## - СЪЗДАВАНЕ И РЕДАКЦИЯ на ЗАПИСА | |
| Дата на регистрацията/редакция | Нора Радева |
| Служител, извършил регистрацията/редакцията | 30545 |
| Номер на служител | Нора Радева |
| Създаване/Редакция | |
| 999 ## - СИСТЕМНИ КОНТРОЛНИ НОМЕРА | |
| Koha biblionumber | 504626 |
| Koha biblioitemnumber | 504626 |
| 999 ## - СИСТЕМНИ КОНТРОЛНИ НОМЕРА | |
| Koha biblioitemnumber | 503923 |
| 999 ## - СИСТЕМНИ КОНТРОЛНИ НОМЕРА | |
| Koha biblioitemnumber | 503726 |
| 999 ## - СИСТЕМНИ КОНТРОЛНИ НОМЕРА | |
| Koha biblioitemnumber | 503726 |
| 999 ## - СИСТЕМНИ КОНТРОЛНИ НОМЕРА | |
| Koha biblioitemnumber | 503700 |
Няма налични копия.